Karl Marx: biografia (Registo nº 202115)

Detalhes MARC
000 -Etiqueta do registo
Valores 00385nam 22001573 4500
100 ## - Dados gerais de processamento
Dados gerais 20260511d u||y0pory50 ba
200 ## - Titulo e menção de responsabilidade
Título próprio Karl Marx: biografia
210 ## - Publicação
Local de publicação Lisboa
Nome do editor Avante
Data de publicação 1983
215 ## - Descrição física 
Paginação / Volumes 799 p.
Outras indicações físicas il. ; encadernado
Dimensões 22 cm
606 ## - Nome comum usado como assunto
ID Autoridade 1250
Palavra de ordem Biografias
675 ## - CDU
Notação 929
Edição PT
Língua por
801 ## - Fonte de origem
País PT
Agência BMMN
Regras de catalogação RPC
830 ## - Notas gerais do catalogador
Criado por Vanda
990 ## - Elementos KOHA
Tipo de documento Livro
Exemplares
Situação do levantamento Biblioteca de origem Código de barras Cota Permissão de empréstimo Tipo de documento Forma de aquisição
  Biblioteca Municipal de Montemor-o-Novo 31537 929 MAR|DEP   Livro Compra

Powered by Koha